| 000 | 00720nam a22002177a 4500 | ||
|---|---|---|---|
| 999 |
_c178178 _d178178 |
||
| 005 | 20210319163629.0 | ||
| 006 | a|||||f|||| 00| 0 | ||
| 007 | tc | ||
| 008 | 180720b xxu||||| |||| 00| 0 eng d | ||
| 010 | _aBR-003190- BR-003193 | ||
| 020 | _c12.00 | ||
| 035 | _a BR-003190 | ||
| 037 | _bN.I.V.H. | ||
| 082 | _a480 | ||
| 245 | _aA Guide to Contraction in English Braille | ||
| 260 |
_aDehradun _bN.I.V.H. _cDehradun |
||
| 270 |
_a116,Rajpur Road, Dehradun _bDehradun _e248001 |
||
| 300 |
_avarious pages. _c30cm(HB). |
||
| 942 |
_2ddc _cBRLEN _h480 _mGUI |
||